000 004900000a22001810004500
020 _a0-8308-1775-1
041 0 _aENG
082 0 4 _aG 261.5 J762m
100 1 _aJones, Stanton L.
245 1 0 _aModern psychology therapies / Stanton L. Jones, Richard E. Butman
260 _aDowners Grove, ILL., USA : InterVarsity
300 _a425 Pag
001 6802
942 _cBK
999 _c37060
_d37060
336 _atexto
_btxt
_2rdacontent
337 _2rdamedia
_asin mediación
_bn
338 _2rdacarrier
_avolumen
_bnc